Στατιστική Α' : πανεπιστημιακές παραδόσεις
Αποθηκεύτηκε σε:
| Κύριος συγγραφέας: | |
|---|---|
| Συγγραφή απο Οργανισμό/Αρχή: | |
| Μορφή: | Βιβλίο |
| Γλώσσα: | Greek |
| Δημοσίευση: |
Χίος :
Πανεπιστήμιο Αιγαίου. Τμήμα Διοίκησης Επιχειρήσεων,
1997
|
| Θέματα: | |
| Ετικέτες: |
Προσθήκη ετικέτας
Δεν υπάρχουν, Καταχωρήστε ετικέτα πρώτοι!
|
MARC
| LEADER | 00000cam a2200000 i 4500 | ||
|---|---|---|---|
| 001 | 1/17547 | ||
| 008 | 010222s1997 gre d | ||
| 035 | |l 10066177 | ||
| 040 | |a GR-MY-UA |b gre |e aacr | ||
| 041 | 0 | |a gre | |
| 082 | 0 | |a 519.5 | |
| 100 | 1 | |a Αγγελής, Βασίλης. | |
| 110 | 2 | |a Πανεπιστήμιο Αιγαίου |b Τμήμα Διοίκησης Επιχειρήσεων. | |
| 245 | 1 | 0 | |a Στατιστική Α' : |b πανεπιστημιακές παραδόσεις / |c Βασίλης Αγγελής |
| 260 | |a Χίος : |b Πανεπιστήμιο Αιγαίου. Τμήμα Διοίκησης Επιχειρήσεων, |c 1997 | ||
| 300 | |a 417 σ. | ||
| 500 | |a Σημειώσεις διδασκόντων | ||
| 650 | 0 | 0 | |a Mathematical statistics. |
| 852 | |a INST |b CHIOS |e 20010222 |h 519.5 ΑΓΓ |p 005200017383 |q 005200017383 |t CPY |y 23 | ||
| 852 | |a INST |b CHIOS |e 20010222 |h 519.5 ΑΓΓ |p 005200017384 |q 005200017384 |t CPY |y 23 | ||
| 852 | |a INST |b CHIOS |e 20010222 |h 519.5 ΑΓΓ |p 005200021437 |q 005200021437 |t CPY |y 23 | ||
| 852 | |a INST |b CHIOS |e 20010222 |h 519.5 ΑΓΓ |p 005200021438 |q 005200021438 |t CPY |y 23 | ||
| 852 | |a INST |b CHIOS |e 20010222 |h 519.5 ΑΓΓ |p 005200021439 |q 005200021439 |t CPY |y 23 | ||
| 852 | |a INST |b CHIOS |e 20010222 |h 519.5 ΑΓΓ |p 005200021440 |q 005200021440 |t CPY |y 23 | ||
| 852 | |a INST |b CHIOS |e 20010222 |h 519.5 ΑΓΓ |p 005200021441 |q 005200021441 |t CPY |y 23 | ||
| 852 | |a INST |b CHIOS |e 20010222 |h 519.5 ΑΓΓ |p 005200021442 |q 005200021442 |t CPY |y 23 | ||
| 852 | |a INST |b CHIOS |e 20010222 |h 519.5 ΑΓΓ |p 005200021443 |q 005200021443 |t CPY |y 23 | ||
| 852 | |a INST |b CHIOS |e 20010222 |h 519.5 ΑΓΓ |p 005200026261 |q 005200026261 |t CPY |y 23 | ||
| 901 | |a BIBL2-2001-1 | ||
| 909 | |a Χ |b 083455 | ||
| 909 | |a Χ |b 083461 | ||
| 909 | |a Χ |b 083462 | ||
| 909 | |a Χ |b 083463 | ||
| 909 | |a Χ |b 083464 | ||
| 909 | |a Χ |b 083460 | ||
| 909 | |a Χ |b 083459 | ||
| 909 | |a Χ |b 083458 | ||
| 909 | |a Χ |b 083457 | ||
| 909 | |a Χ |b 083456 | ||
| 970 | |a ΣΑΛΑΜΟΥΡΑ |b ΜΑΡΙΑ |z 2001/02/22 | ||